00482 2200181 4500001002100000005001500021008004100036020001800077035001900095041000700114082001000121090001600131100002600147245003500173260003100208300002200239650003900261INLIS00000000001647820241224115131241224||||||||| | ||| |||| || |  a979-668-596-5 0010-1224016478 aid0 a553.7 a553.7 ANN a0 aManshur Hasbu An-Nabi00aRAHASIA SEMESTA AIR BERI'TIKAF aSolobTiga Serangkaic2004 ax+38hlm;17,5x25cm 0ailmu-Ilmu Pengetahuan tentang bumi